00928nam a2200241Ia 4500001000600000003000900006008004100015040001300056040001300069041001300082100001600095100002900111245004900140245004900189250001100238260002400249260001900273260004900292300004200341500023500383650003700618650003100655 4762IT-RoPAU130308s9999 xx 000 0 und d aIT-RoPAU cIT-RoPAU aITALIANO aZarra Titta gCodice Aut. SPICS: 3370 aDocumenti pontifici sulla stampa (1878-1963) bDocumenti Pontifici Sulla Stampa (1878-1963) a1a ed. aCITTA' DEL VATICANO bRadio Vaticana c1964 [1° Ed.:1964 - Ed.Ling.Originale:1964] a"626 p. (prefazione: 52; testo: 574)" aChiesa e Stampa Documenti di Leone XIII Pio X Benedetto Xv Pio XI Pio XII Giovanni XXIII Paolo VI Morale Stampa Opinione Pubblica e Stampa Stampa Cattolica giornale cattolico Apostolato Stampa testo in Latino dell'Inter Mirifica aTESTI DI DOCUMENTI ECCLESIASTICI eCodice materia Spics: 9101